<?xml version="1.0" encoding="UTF-8"?>
<record
    xmlns:xsi="http://www.w3.org/2001/XMLSchema-instance"
    xsi:schemaLocation="http://www.loc.gov/MARC21/slim http://www.loc.gov/standards/marcxml/schema/MARC21slim.xsd"
    xmlns="http://www.loc.gov/MARC21/slim">

  <leader>01703cam a22003494a 4500</leader>
  <controlfield tag="001">10292374</controlfield>
  <controlfield tag="003">BNMJGDAXCV</controlfield>
  <controlfield tag="005">20220326193257.0</controlfield>
  <controlfield tag="008">060130s2005    cr       b    000 0 spa  </controlfield>
  <datafield tag="010" ind1=" " ind2=" ">
    <subfield code="a">  2006353624</subfield>
  </datafield>
  <datafield tag="020" ind1=" " ind2=" ">
    <subfield code="a">9968983578</subfield>
  </datafield>
  <datafield tag="020" ind1=" " ind2=" ">
    <subfield code="a">9789968983570</subfield>
  </datafield>
  <datafield tag="035" ind1=" " ind2=" ">
    <subfield code="a">(OCoLC)ocm65644722</subfield>
  </datafield>
  <datafield tag="035" ind1=" " ind2=" ">
    <subfield code="a">(OCoLC)65644722</subfield>
  </datafield>
  <datafield tag="035" ind1=" " ind2=" ">
    <subfield code="a">(NNC)10292374</subfield>
  </datafield>
  <datafield tag="040" ind1=" " ind2=" ">
    <subfield code="a">DLC</subfield>
    <subfield code="b">eng</subfield>
    <subfield code="c">DLC</subfield>
  </datafield>
  <datafield tag="050" ind1="0" ind2="0">
    <subfield code="a">PQ6352</subfield>
    <subfield code="b">.E56 2005</subfield>
  </datafield>
  <datafield tag="082" ind1=" " ind2=" ">
    <subfield code="a">863.32</subfield>
    <subfield code="b">E44e</subfield>
  </datafield>
  <datafield tag="245" ind1="0" ind2="0">
    <subfield code="a">Elogios para un caballero derrotado :</subfield>
    <subfield code="b">seis ensayos sobre el Quijote /</subfield>
    <subfield code="c">Alexander Jim&#xE9;nez, editor ; Jorge Chen Sham ... [et al.] .</subfield>
  </datafield>
  <datafield tag="250" ind1=" " ind2=" ">
    <subfield code="a">1a ed.</subfield>
  </datafield>
  <datafield tag="260" ind1=" " ind2=" ">
    <subfield code="a">San Jos&#xE9; :</subfield>
    <subfield code="b">Editorial Arlek&#xED;n,</subfield>
    <subfield code="c">2005.</subfield>
  </datafield>
  <datafield tag="300" ind1=" " ind2=" ">
    <subfield code="a">132 p. ;</subfield>
    <subfield code="c">21 cm.</subfield>
  </datafield>
  <datafield tag="504" ind1=" " ind2=" ">
    <subfield code="a">Includes bibliographical references.</subfield>
  </datafield>
  <datafield tag="505" ind1="0" ind2=" ">
    <subfield code="a">Recepci&#xF3;n primera y est&#xED;mulos socio-hist&#xF3;ricos en el Quijote / Jorge Chen Sham -- El Quijote cuatrocientos a&#xF1;os despu&#xE9;s / Ali Viquez Jim&#xE9;nez -- La locura de Don Quijote y del Rey Lear / Ana Lucia Fonseca Ram&#xED;rez -- Encantadores me persiguen : autoenga&#xF1;o y ficci&#xF3;n de Don Quijote / Rafael Angel Herra -- Don Quijote : voluntad y representaci&#xF3;n / Roberto Murillo -- Don Quijote y sus salidas / Sergio E. Rojas Peralta.</subfield>
  </datafield>
  <datafield tag="600" ind1="1" ind2="0">
    <subfield code="a">Cervantes Saavedra, Miguel de,</subfield>
    <subfield code="d">1547-1616.</subfield>
    <subfield code="t">Don Quixote.</subfield>
    <subfield code="9">1128</subfield>
  </datafield>
  <datafield tag="650" ind1=" " ind2=" ">
    <subfield code="a">Cervantes Saavedra, Miguel de. 1547-1616. Don Quijote de la Mancha</subfield>
    <subfield code="x">ensayos, conferencias</subfield>
    <subfield code="x">critica e interpretacion</subfield>
    <subfield code="9">1129</subfield>
  </datafield>
  <datafield tag="700" ind1="1" ind2=" ">
    <subfield code="a">Jim&#xE9;nez, Alexander.</subfield>
    <subfield code="9">1130</subfield>
  </datafield>
  <datafield tag="700" ind1="1" ind2=" ">
    <subfield code="a">Chen Sham, Jorge.</subfield>
    <subfield code="9">1131</subfield>
  </datafield>
  <datafield tag="776" ind1="0" ind2="8">
    <subfield code="i">Online version:</subfield>
    <subfield code="t">Elogios para un caballero derrotado.</subfield>
    <subfield code="b">1a ed.</subfield>
    <subfield code="d">San Jos&#xE9; : Editorial Arlek&#xED;n, 2005</subfield>
    <subfield code="w">(OCoLC)768018677</subfield>
  </datafield>
  <datafield tag="948" ind1="1" ind2=" ">
    <subfield code="a">20130530</subfield>
    <subfield code="b">c</subfield>
    <subfield code="c">dc21</subfield>
    <subfield code="d">MPS</subfield>
  </datafield>
  <datafield tag="999" ind1=" " ind2=" ">
    <subfield code="c">243</subfield>
    <subfield code="d">243</subfield>
  </datafield>
  <datafield tag="952" ind1=" " ind2=" ">
    <subfield code="0">0</subfield>
    <subfield code="1">0</subfield>
    <subfield code="2">ddc</subfield>
    <subfield code="4">0</subfield>
    <subfield code="7">0</subfield>
    <subfield code="a">LV</subfield>
    <subfield code="b">LV</subfield>
    <subfield code="c">Pensamiento</subfield>
    <subfield code="d">2014-06-23</subfield>
    <subfield code="l">0</subfield>
    <subfield code="o">863.32 E44e</subfield>
    <subfield code="p">000277</subfield>
    <subfield code="r">2014-06-23 00:00:00</subfield>
    <subfield code="w">2014-06-23</subfield>
    <subfield code="y">01</subfield>
  </datafield>
</record>
